تدريس الطلبه ذوي الاعاقه البسيطه = (رقم التسجيلة. 36586)

تفاصيل مارك
000 -الفاتح
حقل البيانات ثابتة الطول 01133nam a22002417a 4500
003 - محدد رقم الضبط
رقم الضبط OSt
005 - وقت وتاريخ اخر تعامل مع التسجيلة
رقم الضبط 20150408114232.0
008 - عناصر البيانات ثابتة الطول - معلومات عامة
حقل البيانات ثابتة الطول 141211s2013 ST ||||f b||| 00| 0 d
040 ## - مصدر الفهرسة
وكالة الفهرسة الأصلية MA-UN
082 ## - رقم تصنيف ديوى العشرى
رقم الطبعة 21
رقم التصنيف 371.92
رقم المادة هـ م ت
100 ## - المدخل الرئيسى - إسم شخصى
الإسم الشخصى هنلي ، مارتن
9 (RLIN) 46861
245 ## - بيان العنوان
العنوان تدريس الطلبه ذوي الاعاقه البسيطه =
بقية العنوان TEACHING STUDENTS WITH MILAD DISABILITIES /
بيان المسئوليه,etc تاليف مارتن هنلي ، روبرتا رامسي ، روبرت الجوزين ؛ ترجمة زيدان أحمد السرطاوي
250 ## - بيان الطبعة
بيان الطبعة ط. 1
260 ## - PUBLICATION, DISTRIBUTION, ETC. (IMPRINT)
مكان الناشر او الموزع الامارات :
اسم الناشر او الموزع دار الكتاب الجامعي ؛
260 ## - PUBLICATION, DISTRIBUTION, ETC. (IMPRINT)
مكان الناشر او الموزع عمان :
اسم الناشر او الموزع دار المسيرة للنشر والتوزيع والطباعة ،
تاريخ النشر أو التوزيع 2013
300 ## - الوصف المادى
التعداد 310 ص ؛
أبعاد الوعاء 24 سم .
500 ## - تبصرة عامة
تبصرة عامة ترجمة لـ : TEACHING STUDENTS WITH MILAD DISABILITIES
650 #4 - المدخل الاضافى بالموضوع-مصطلح موضوعى
مصطلح موضوعي أو اسم جغرافي كعنصر مدخل الأطفال المعوقون
التقسيم الفرعي العام تعليم.
9 (RLIN) 46865
700 ## - المدخل الاضافى - اسم شخصى
الإسم الشخصى رامسي، روبرتا
الدور م. مشارك
9 (RLIN) 46863
700 ## - المدخل الاضافى - اسم شخصى
الإسم الشخصى الجوزين، روبرت
الدور م. مشارك
9 (RLIN) 46864
700 ## - المدخل الاضافى - اسم شخصى
9 (RLIN) 9989
الإسم الشخصى السرطاوي، زيدان أحمد
الدور مترجم
942 ## - عناصر المدخل الإضافي( كوها)
Koha [default] item type كتاب
المقتنيات
حالة الفقد نموذج السعر الفعال حالة تلف ليس للاعارة رقم الطلب تاريخ الاكتساب الموقع الحالي الباركود الفرع الرئيسي Date last seen نوع المادة فى نظام كوها مصدر التصنيف او خطة الترفيف Total Checkouts
  2014-12-11     371.92 س ز ت 2014-12-11 المكتبة المركزية بالمجمعة (CL) 00700323 المكتبة المركزية بالمجمعة (CL) 2014-12-11 كتاب Dewey Decimal Classification  
  2014-12-11     371.92 س ز ت 2014-12-11 المكتبة المركزية بالمجمعة (CL) 00700324 المكتبة المركزية بالمجمعة (CL) 2014-12-11 كتاب Dewey Decimal Classification  
  2014-12-11     371.92 س ز ت 2014-12-11 المكتبة المركزية بالمجمعة (CL) 00700325 المكتبة المركزية بالمجمعة (CL) 2014-12-11 كتاب Dewey Decimal Classification  
  2014-12-11     371.92 س ز ت 2014-12-11 قسم الاجراءات الفنية (IC) 00700328 قسم الاجراءات الفنية (IC) 2014-12-11 كتاب Dewey Decimal Classification  
  2014-12-11     371.92 س ز ت 2014-12-11 كلية الشريعة والقانون - طلاب 00700329 كلية الشريعة والقانون - طلاب 2014-12-11 كتاب Dewey Decimal Classification  
  2014-12-11     371.92 س ز ت 2014-12-11 مكتبة مجمع الكليات بالزلفى - طلاب (SZM) 00700326 مكتبة مجمع الكليات بالزلفى - طلاب (SZM) 2014-12-11 كتاب Dewey Decimal Classification  
  2014-12-11     371.92 س ز ت 2014-12-11 مكتبة مجمع الكليات بالزلفى - طلاب (SZM) 00700327 مكتبة مجمع الكليات بالزلفى - طلاب (SZM) 2014-12-11 كتاب Dewey Decimal Classification